00282nam a2200121 a 4500008004100000020001500041050001500056100001500071245001300086260002600099350000900125650002600134120416s1996 ||||||||||||||||| || u a0340645962 aQA 300 Kop aKopp, P. E10aAnalysis aLondon:bArnoldc1996 a0.00 aMATHEMATICAL ANALYSIS